000 00420nam a2200157 i 4500
001 97757
003 ES-MaACL
007 t|
008 050718s1984 sp ||||1| spa d
100 1 _aMarín, Manuel.
_976747
245 1 0 _aAtlas de historia Marín /
_cManuel Marín.
250 _a[1ª ed.].
260 _aBarcelona :
_bMarín,
_c1984.
300 _a227 p. :
_bil. ;
_c36 cm.
852 _aES-MaACL
_jL-7218
_bR.107305
999 _c97757
_d97757